| 000 | 00361nam a2200145Ia 4500 | ||
|---|---|---|---|
| 005 | 20251222154350.0 | ||
| 008 | 251222s9999||||xx |||||||||||||| ||spa|| | ||
| 020 | _a84862014640 | ||
| 082 | _a371.926/M63 | ||
| 100 | _aMiranda Casas, Ana | ||
| 245 | 0 | _aHiperactividad y Dificultades de Aprendizaje | |
| 250 | _a1ra. ed. | ||
| 264 | _bPromolibro | ||
| 942 | _cLIB | ||
| 999 |
_c34872 _d34872 |
||